[Event "AUT-chT2O 0910"]
[Site "Austria"]
[Date "2009.10.17"]
[Round "1.6"]
[White "Batyte, Daiva"]
[Black "Ligezinski, Martin"]
[Result "1-0"]
[WhiteElo "2124"]
[BlackElo "2140"]
[PlyCount "40"]
[EventDate "2009.10.17"]
[EventType "team-tourn"]
[EventRounds "11"]
[EventCountry "AUT"]
[SourceTitle "EXT 2010"]
[Source "ChessBase"]
[SourceDate "2010.11.25"]
[SourceVersion "1"]
[SourceVersionDate "2010.11.25"]
[SourceQuality "1"]
[WhiteTeam "Wieden"]
[BlackTeam "Wiener Neustadt"]
[WhiteTeamCountry "AUT"]
[BlackTeamCountry "AUT"]

1. Nf3 Nf6 2. c4 g6 3. g3 Bg7 4. Bg2 0-0 5. 0-0 d6 6. Nc3 a6 7. d4 c6 8. e4 Qc7 9. Bf4 Nh5 10. Be3 b5 11. cxb5 axb5 12. a3 Nd7 13. Qc1 Ba6 14. Nd5 Qd8 15. Qxc6 Nhf6 16. Nxf6+ Nxf6 17. e5 dxe5 18. Nxe5 Qa5 19. Qc5 Rae8 20. a4 Ra8 1-0

[Event "Niederoesterreich Landesliga 0809"]
[Site "Austria"]
[Date "2008.11.02"]
[Round "3"]
[White "Bechmann, Gerhard"]
[Black "Ligezinski, Martin"]
[Result "1/2-1/2"]
[WhiteElo "2060"]
[BlackElo "2049"]
[PlyCount "24"]
[EventDate "2008.09.28"]
[EventType "team-tourn"]
[EventRounds "11"]
[EventCountry "AUT"]
[SourceTitle "EXT 2022"]
[Source "ChessBase"]
[SourceDate "2021.10.06"]
[SourceVersion "1"]
[SourceVersionDate "2021.10.06"]
[SourceQuality "1"]

1. d4 e6 2. c4 f5 3. Nc3 Nf6 4. f4 d6 5. Nf3 Be7 6. e3 0-0 7. Be2 Ne4 8. 0-0 Nd7 9. Qc2 Ndf6 10. Bd3 d5 11. Bxe4 fxe4 12. Ne5 c6 1/2-1/2

[Event "AUT-chT2O 0001"]
[Site "Austria"]
[Date "2000.??.??"]
[Round "?"]
[White "Ligezinski, Martin"]
[Black "Pingitzer, Harald"]
[Result "0-1"]
[WhiteElo "2150"]
[BlackElo "2310"]
[PlyCount "78"]
[EventDate "2000.??.??"]
[EventType "team"]
[EventRounds "11"]
[EventCountry "AUT"]
[SourceTitle "EXT 2003"]
[Source "ChessBase"]
[SourceDate "2002.11.25"]
[SourceVersion "1"]
[SourceVersionDate "2002.11.25"]
[SourceQuality "1"]

1. d4 d5 2. Nf3 e6 3. e3 Nf6 4. c4 Nbd7 5. Nbd2 a6 6. b3 c5 7. Bd3 dxc4 8. bxc4 cxd4 9. exd4 b5 10. 0-0 bxc4 11. Nxc4 Be7 12. Nce5 Bb7 13. Qe2 0-0 14. Rb1 Ra7 15. Ng5 Bd5 16. Ne4 Nxe4 17. Bxe4 Qa8 18. Bxd5 Qxd5 19. Be3 Nxe5 20. dxe5 Qxe5 21. Qc4 Raa8 22. Rb7 Bf6 23. Ra7 Rxa7 24. Bxa7 Qa5 25. Rb1 h5 26. a4 h4 27. h3 Rd8 28. Bb6 Qf5 29. Rc1 Rd6 30. Qxa6 Kh7 31. Qa7 Be5 32. Be3 Qc2 33. Rf1 Rd1 34. Qa6 Rxf1+ 35. Qxf1 Qxa4 36. Qd3+ f5 37. Qd2 Qe4 38. Bg5 Kg6 39. Be7 Qb1+ 0-1

[Event "AUT-chT2O 0001"]
[Site "Austria"]
[Date "2000.??.??"]
[Round "?"]
[White "Plachetka, Jan"]
[Black "Ligezinski, Martin"]
[Result "1/2-1/2"]
[WhiteElo "2415"]
[BlackElo "2150"]
[PlyCount "42"]
[EventDate "2000.??.??"]
[EventType "team"]
[EventRounds "11"]
[EventCountry "AUT"]
[SourceTitle "EXT 2003"]
[Source "ChessBase"]
[SourceDate "2002.11.25"]
[SourceVersion "1"]
[SourceVersionDate "2002.11.25"]
[SourceQuality "1"]

1. e4 d5 2. exd5 Qxd5 3. Nc3 Qa5 4. d4 c6 5. Bc4 Nf6 6. Nge2 Bf5 7. 0-0 e6 8. Bf4 Nbd7 9. Qd2 Be7 10. Rfe1 Qd8 11. Ng3 Bg6 12. d5 Nb6 13. Qe2 Nbxd5 14. Nxd5 Nxd5 15. Rad1 Qa5 16. Be5 0-0 17. Nh5 Bxh5 18. Qxh5 Nf6 19. Qh3 Rad8 20. Bd3 h6 21. Qg3 Nh5 1/2-1/2

[Event "AUT-chT2O 9900"]
[Site "Austria"]
[Date "1999.11.13"]
[Round "3.2"]
[White "Lanc, Alois"]
[Black "Ligezinski, Martin"]
[Result "1-0"]
[WhiteElo "2405"]
[BlackElo "2165"]
[PlyCount "47"]
[EventDate "1999.??.??"]
[EventType "team"]
[EventRounds "11"]
[EventCountry "AUT"]
[SourceTitle "EXT 2001"]
[Source "ChessBase"]
[SourceDate "2000.11.22"]
[SourceVersion "1"]
[SourceVersionDate "2000.11.22"]
[SourceQuality "1"]

1. e4 d5 2. exd5 Nf6 3. d4 Bg4 4. Nf3 Qxd5 5. Be2 Nc6 6. c4 Qh5 7. d5 Ne5 8. Bf4 Bxf3 9. gxf3 0-0-0 10. Bg3 Qf5 11. Nc3 e6 12. f4 Nxc4 13. Bxc4 exd5 14. Bd3 Qh3 15. Qa4 h5 16. Qxa7 Nd7 17. Na4 Bb4+ 18. Kd1 h4 19. Rc1 Rh6 20. Kc2 hxg3 21. hxg3 Qe6 22. Rxh6 gxh6 23. Kb1 Bd2 24. Qa8+ 1-0

[Event "AUT-chT2O 9900"]
[Site "Austria"]
[Date "1999.??.??"]
[Round "?"]
[White "Groetz, Harald"]
[Black "Ligezinski, Martin"]
[Result "1-0"]
[WhiteElo "2161"]
[BlackElo "2165"]
[PlyCount "57"]
[EventDate "1999.??.??"]
[EventType "team"]
[EventRounds "11"]
[EventCountry "AUT"]
[SourceTitle "EXT 2001"]
[Source "ChessBase"]
[SourceDate "2000.11.22"]
[SourceVersion "1"]
[SourceVersionDate "2000.11.22"]
[SourceQuality "1"]

1. e4 e5 2. Nf3 Nf6 3. Nxe5 d6 4. Nf3 Nxe4 5. d4 d5 6. Bd3 Nc6 7. 0-0 Be7 8. c4 Bg4 9. Nc3 Nf6 10. cxd5 Nxd5 11. h3 Bh5 12. Be4 Nf6 13. Bxc6+ bxc6 14. Re1 0-0 15. g4 Bg6 16. Ne5 Bd6 17. Nxc6 Qd7 18. Ne5 Qc8 19. Qf3 Rb8 20. b3 Qa6 21. Bg5 Bxe5 22. dxe5 Nd7 23. Nd5 c5 24. Be7 Rfe8 25. Nc7 Qc8 26. Nxe8 Qxe8 27. Bd6 Rb4 28. Qc6 Rb6 29. Qd5 1-0